000 01181njm a22002897a 4500
005 20100901115333.0
006 a|||||r|||||00| 0
007 sd ammalaaahaa
008 100901t xxu||||| |||| 00| 0 eng d
028 _a3AEX.5109
_bOdeon
035 _aGR-03793
040 _aSED
_cSED
100 _aBhosle, Asha
_917891
245 _aTeesri Manzil /
_cby Asha Bhosle & Mohammad Rafi ; music by Rahul Dev Burman ; lyric by Majrooh
_h[Sound recording]
246 _aतीसरी मंजिल / आशा भोसले
260 _aDUM DUM, India
_bOdeon
_c1966
300 _a1 Sound disc [Gramophone Recording] :
_banalog, 33 1/3 rpm
_c12 in. (LP)
_fGramophone Record
500 _aBrief record
500 _aRecord Labels : Odeon,Black
505 _aSide-1 मैं हूँ प्यार तेरा ( Main hoon pyar tera) --Side-2 ओ हसीना (O haseena) ((Asha Bhosle & Mohammad Rafi)
600 _2Bhosle, Asha
650 _aFilm songs
_xExcerpts
_zIndia
_917892
700 _919099
_aBurman, Rahul Dev
700 _920791
_aMejrooh
942 _2ddc
_cGR
999 _c47068
_d47068